[Event "AUS-ch Major"]
[Site "Cammeray"]
[Date "2018.01.12"]
[Round "11"]
[White "Mikkelsen, Max"]
[Black "Mallari, Donato"]
[Result "0-1"]
[WhiteElo "1883"]
[BlackElo "1986"]
[PlyCount "125"]
[EventDate "2018.01.02"]
[EventType "swiss"]
[EventRounds "11"]
[EventCountry "AUS"]
[SourceTitle "CBM 182 Extra"]
[Source "ChessBase"]
[SourceDate "2018.02.23"]
[SourceVersion "1"]
[SourceVersionDate "2018.02.23"]
[SourceQuality "1"]

1. d4 Nf6 2. Nf3 e6 3. c4 b6 4. a3 Bb7 5. Bg5 h6 6. Bxf6 gxf6 7. Nc3 f5 8. d5 Bg7 9. Qc2 0-0 10. 0-0-0 d6 11. e4 fxe4 12. Qxe4 Nd7 13. g4 Nc5 14. Qc2 a5 15. h4 c6 16. dxe6 fxe6 17. Be2 b5 18. g5 h5 19. Ne4 Nxe4 20. Qxe4 Qd7 21. Bd3 Rf5 22. Qe3 Rc5 23. Qe4 Qf7 24. Rh3 Rf5 25. Nd4 Rxf2 26. Re1 Be5 27. c5 Rf4 28. g6 Qf6 29. Qe2 Bxd4 30. Qxh5 Bxb2+ 31. Kb1 Bxa3 32. Qh7+ Kf8 33. g7+ Qxg7 34. Qxg7+ Kxg7 35. Rg1+ Kh8 36. Rg6 Rf7 37. Rhg3 Rh7 38. R3g4 Bxc5 39. Rxe6 Rg7 40. Rxg7 Kxg7 41. Re7+ Kf6 42. Rxb7 Rh8 43. Rh7 Rxh7 44. Bxh7 Ke5 45. Bg6 Bd4 46. h5 a4 47. h6 Kd5 48. h7 Bh8 49. Be8 Kc5 50. Ka2 b4 51. Bg6 d5 52. Be8 Kb5 53. Bd7 d4 54. Bf5 c5 55. Bd7+ Ka5 56. Bf5 c4 57. Be6 b3+ 58. Ka3 Kb5 59. Bd7+ Kc5 60. Bxa4 d3 61. Bd7 c3 62. Bg4 c2 63. Bd1 0-1

[Event "AUS-ch Major"]
[Site "Cammeray"]
[Date "2018.01.10"]
[Round "9"]
[White "Mikkelsen, Max"]
[Black "Odenthal, Aidan"]
[Result "1/2-1/2"]
[WhiteElo "1883"]
[BlackElo "1853"]
[PlyCount "41"]
[EventDate "2018.01.02"]
[EventType "swiss"]
[EventRounds "11"]
[EventCountry "AUS"]
[SourceTitle "CBM 182 Extra"]
[Source "ChessBase"]
[SourceDate "2018.02.23"]
[SourceVersion "1"]
[SourceVersionDate "2018.02.23"]
[SourceQuality "1"]

1. d4 Nf6 2. Bg5 d5 3. Bxf6 exf6 4. e3 Bd6 5. Bd3 0-0 6. Nf3 Bg4 7. 0-0 Nd7 8. Nbd2 c6 9. c4 dxc4 10. Nxc4 Bc7 11. h3 Be6 12. Qc2 g6 13. Rfe1 f5 14. Rad1 Bd5 15. Ncd2 Nf6 16. e4 fxe4 17. Nxe4 Nxe4 18. Bxe4 Re8 19. Bxd5 Qxd5 20. b3 Rad8 21. Qc5 1/2-1/2

[Event "AUS-ch Major"]
[Site "Cammeray"]
[Date "2018.01.06"]
[Round "6"]
[White "Talpade, Udit"]
[Black "Mikkelsen, Max"]
[Result "0-1"]
[WhiteElo "1679"]
[BlackElo "1883"]
[PlyCount "50"]
[EventDate "2018.01.02"]
[EventType "swiss"]
[EventRounds "11"]
[EventCountry "AUS"]
[SourceTitle "CBM 182 Extra"]
[Source "ChessBase"]
[SourceDate "2018.02.23"]
[SourceVersion "1"]
[SourceVersionDate "2018.02.23"]
[SourceQuality "1"]

1. d4 Nf6 2. c4 e6 3. Nc3 Bb4 4. Qc2 0-0 5. Nf3 b6 6. e3 Bb7 7. Be2 Ne4 8. 0-0 Bxc3 9. bxc3 f5 10. Bb2 Rf6 11. Nd2 Rg6 12. g3 Nxd2 13. Qxd2 Qh4 14. f3 d6 15. Bd1 Nd7 16. Rf2 e5 17. Bb3 f4 18. g4 Bxf3 19. Rxf3 Qxg4+ 20. Rg3 fxg3 21. c5+ Kh8 22. h3 Qxh3 23. Bd5 Rf8 24. Qg2 Qh2+ 25. Qxh2 gxh2+ 0-1

[Event "AUS-ch Major"]
[Site "Cammeray"]
[Date "2018.01.05"]
[Round "5"]
[White "Mikkelsen, Max"]
[Black "Farrell, Keith"]
[Result "1-0"]
[WhiteElo "1883"]
[BlackElo "1577"]
[PlyCount "71"]
[EventDate "2018.01.02"]
[EventType "swiss"]
[EventRounds "11"]
[EventCountry "AUS"]
[SourceTitle "CBM 182 Extra"]
[Source "ChessBase"]
[SourceDate "2018.02.23"]
[SourceVersion "1"]
[SourceVersionDate "2018.02.23"]
[SourceQuality "1"]

1. d4 d5 2. c4 c6 3. Nc3 Nf6 4. Nf3 e6 5. Bg5 Be7 6. e3 0-0 7. Rc1 Nbd7 8. Bd3 h6 9. Bh4 Nh7 10. Bg3 Ng5 11. cxd5 exd5 12. 0-0 Nxf3+ 13. Qxf3 Nf6 14. h3 Be6 15. Rfd1 Rc8 16. a3 c5 17. dxc5 Bxc5 18. b4 Be7 19. Nb5 Qb6 20. Bc7 Qa6 21. Nd6 Qxa3 22. Nxc8 Rxc8 23. b5 Ne8 24. Ra1 Qc5 25. Be5 Bf6 26. Bd4 Bxd4 27. exd4 Qb6 28. Bf5 Rc4 29. Bxe6 fxe6 30. Qa3 Rxd4 31. Rxd4 Qxd4 32. Qxa7 Qc4 33. Qxb7 d4 34. Qb8 Kf7 35. Ra7+ Kf8 36. Ra8 1-0

[Event "AUS-ch Major"]
[Site "Cammeray"]
[Date "2018.01.04"]
[Round "4"]
[White "Ge, Eva"]
[Black "Mikkelsen, Max"]
[Result "1-0"]
[WhiteElo "1529"]
[BlackElo "1883"]
[PlyCount "105"]
[EventDate "2018.01.02"]
[EventType "swiss"]
[EventRounds "11"]
[EventCountry "AUS"]
[SourceTitle "CBM 182 Extra"]
[Source "ChessBase"]
[SourceDate "2018.02.23"]
[SourceVersion "1"]
[SourceVersionDate "2018.02.23"]
[SourceQuality "1"]

1. e4 Nf6 2. e5 Nd5 3. d4 d6 4. c4 Nb6 5. exd6 cxd6 6. Nc3 g6 7. Nf3 Bg4 8. Be3 Nc6 9. b3 Bg7 10. Be2 0-0 11. Rc1 e5 12. dxe5 dxe5 13. 0-0 Nd4 14. Nxd4 exd4 15. Bxd4 Bxe2 16. Nxe2 Re8 17. Bxg7 Qxd1 18. Rcxd1 Rxe2 19. Bh6 Rae8 20. Rd2 Rxd2 21. Bxd2 Re2 22. Rd1 f6 23. Kf1 Re7 24. Bb4 Rd7 25. Rxd7 Nxd7 26. Ke2 Kf7 27. Ke3 Ke6 28. h3 h5 29. Kd4 g5 30. c5 f5 31. Bd2 g4 32. Bf4 Nf6 33. hxg4 hxg4 34. a3 a6 35. b4 Nd5 36. Bd2 Nc7 37. a4 Nd5 38. b5 axb5 39. axb5 Nc7 40. b6 Na6 41. c6 bxc6 42. Bf4 c5+ 43. Kc4 Nb4 44. b7 Nc6 45. b8Q Nxb8 46. Bxb8 Kf6 47. Bf4 Kg6 48. Kxc5 Kh5 49. Kd5 Kh4 50. Ke5 g3 51. Bxg3+ Kg4 52. Bf4 Kh5 53. Kxf5 1-0

[Event "Wch U16"]
[Site "Montevideo"]
[Date "2017.09.26"]
[Round "11"]
[White "Suarez, Pedro Martin"]
[Black "Mikkelsen, Max"]
[Result "0-1"]
[WhiteElo "1684"]
[BlackElo "1873"]
[PlyCount "94"]
[EventDate "2017.09.17"]
[EventType "swiss"]
[EventRounds "11"]
[EventCountry "URU"]
[SourceTitle "EXT 2018"]
[Source "ChessBase"]
[SourceDate "2017.10.13"]
[SourceVersion "1"]
[SourceVersionDate "2017.10.13"]
[SourceQuality "1"]

1. d4 e6 2. c4 b6 3. Nc3 Bb4 4. e3 Bb7 5. f3 Bxc3+ 6. bxc3 f5 7. Bd3 Nf6 8. Ne2 0-0 9. a4 Na6 10. Qc2 h6 11. Ba3 c5 12. 0-0 Rc8 13. e4 fxe4 14. fxe4 Ng4 15. Rxf8+ Qxf8 16. Rf1 Qxf1+ 17. Kxf1 Ne3+ 18. Kf2 Nxc2 19. Bxc2 cxd4 20. cxd4 Rxc4 21. Bb3 Rc8 22. Ke3 d5 23. e5 Nb8 24. Bb4 g5 25. Be1 Ba6 26. Ng3 Nd7 27. Nh1 Kg7 28. Nf2 Bc4 29. Bd1 Rf8 30. Bg4 Re8 31. Bh5 Rc8 32. Bg4 Rc6 33. Bb4 Bb3 34. a5 bxa5 35. Bxa5 Nb6 36. Bxb6 Rxb6 37. Nd3 Bc2 38. Nc5 Bf5 39. Be2 a5 40. g4 Bb1 41. Kd2 Rb2+ 42. Kd1 Kf7 43. Ba6 Rb4 44. Kc1 a4 45. Bc8 a3 46. Nxe6 a2 47. Nd8+ Ke8 0-1

[Event "Wch U16"]
[Site "Montevideo"]
[Date "2017.09.22"]
[Round "7"]
[White "Ramirez Madrid, Gerardo Alfonso"]
[Black "Mikkelsen, Max"]
[Result "0-1"]
[WhiteElo "1683"]
[BlackElo "1873"]
[PlyCount "84"]
[EventDate "2017.09.17"]
[EventType "swiss"]
[EventRounds "11"]
[EventCountry "URU"]
[SourceTitle "CBM 180 Extra"]
[Source "ChessBase"]
[SourceDate "2017.10.06"]
[SourceVersion "1"]
[SourceVersionDate "2017.10.06"]
[SourceQuality "1"]

1. c4 b6 2. Nc3 Bb7 3. e4 e6 4. Nge2 Bb4 5. a3 Bxc3 6. Nxc3 Ne7 7. d3 0-0 8. g3 d5 9. Bf4 Ng6 10. Bd2 dxe4 11. dxe4 Ne5 12. Qe2 Nbc6 13. Be3 Na5 14. Rd1 Qf6 15. Bg2 Nexc4 16. 0-0 Nxe3 17. Qxe3 Qe7 18. e5 Bxg2 19. Kxg2 Rad8 20. Ne4 f5 21. exf6 gxf6 22. Qc3 Nb7 23. Rxd8 Qxd8 24. Qf3 f5 25. Nc3 Nd6 26. Re1 Qf6 27. Qc6 Qf7 28. f3 Re8 29. Re5 a5 30. f4 Re7 31. Ne2 Qe8 32. Qf3 Nc4 33. Nd4 Nxe5 34. fxe5 c5 35. Ne2 Qd7 36. Qf4 Qd5+ 37. Kh3 Qd1 38. Qf3 Kg7 39. Qh5 h6 40. Qf3 Kh7 41. Kh4 Rg7 42. h3 Qd8+ 0-1

[Event "Wch U16"]
[Site "Montevideo"]
[Date "2017.09.19"]
[Round "4"]
[White "Mikkelsen, Max"]
[Black "Silva, Lucas"]
[Result "0-1"]
[WhiteElo "1873"]
[BlackElo "2071"]
[PlyCount "132"]
[EventDate "2017.09.17"]
[EventType "swiss"]
[EventRounds "11"]
[EventCountry "URU"]
[SourceTitle "CBM 180 Extra"]
[Source "ChessBase"]
[SourceDate "2017.10.06"]
[SourceVersion "1"]
[SourceVersionDate "2017.10.06"]
[SourceQuality "1"]

1. e4 e6 2. d4 d5 3. exd5 exd5 4. Nf3 Bd6 5. Bd3 Ne7 6. c4 c6 7. Nc3 h6 8. Ne5 Bxe5 9. dxe5 d4 10. Ne4 Qa5+ 11. b4 Qxe5 12. 0-0 0-0 13. Re1 Ng6 14. Bb2 Rd8 15. c5 Nf4 16. Ng3 Qf6 17. Re4 Nxd3 18. Qxd3 Na6 19. a3 Be6 20. Bxd4 Qg6 21. f4 Bd5 22. Re3 Qxd3 23. Rxd3 Re8 24. Be5 Rac8 25. Nf1 f6 26. Bd6 Nc7 27. Bxc7 Rxc7 28. Re3 Rd8 29. Rd1 Kf7 30. Ng3 b6 31. Nf5 Rb8 32. Nd6+ Kg6 33. Rg3+ Kh7 34. Rc3 bxc5 35. Rxc5 Re7 36. Kf2 Rd8 37. Nc4 Rde8 38. Rd2 h5 39. Na5 Re4 40. g3 Re3 41. Rc1 h4 42. Nxc6 hxg3+ 43. hxg3 Rf3+ 44. Kg1 Bxc6 45. Rxc6 Rxg3+ 46. Kf2 Rxa3 47. Rc7 Re4 48. Rdd7 Rxf4+ 49. Ke2 Rg4 50. Kf2 Rb3 51. Rxa7 Rbxb4 52. Rf7 Kh6 53. Ra6 Ra4 54. Rb6 Rgb4 55. Rfb7 Rxb6 56. Rxb6 Ra3 57. Rb5 Kg6 58. Rb6 Kg5 59. Rb5+ f5 60. Rc5 Kg4 61. Rc4+ f4 62. Kg2 Ra2+ 63. Kg1 Kg3 64. Rc3+ f3 65. Rc1 Re2 66. Kf1 Rh2 0-1

[Event "Wch U16"]
[Site "Montevideo"]
[Date "2017.09.17"]
[Round "1"]
[White "Mitrabha, Guha"]
[Black "Mikkelsen, Max"]
[Result "1-0"]
[WhiteElo "2321"]
[BlackElo "1873"]
[PlyCount "71"]
[EventDate "2017.09.17"]
[EventType "swiss"]
[EventRounds "11"]
[EventCountry "URU"]
[SourceTitle "CBM 180 Extra"]
[Source "ChessBase"]
[SourceDate "2017.10.06"]
[SourceVersion "1"]
[SourceVersionDate "2017.10.06"]
[SourceQuality "1"]

1. d4 e6 2. Nf3 f5 3. g3 b6 4. Bg2 Bb7 5. c4 Bb4+ 6. Bd2 Bxd2+ 7. Qxd2 Nf6 8. Nc3 0-0 9. 0-0 Ne4 10. Qc2 Nxc3 11. Qxc3 Be4 12. Rad1 Qf6 13. Rfe1 Nc6 14. Ne5 Nxe5 15. dxe5 Qf7 16. f4 Rad8 17. Bxe4 fxe4 18. Qc2 Qg6 19. e3 d6 20. exd6 cxd6 21. Rd4 d5 22. Red1 Rf5 23. Qb3 Qf6 24. cxd5 exd5 25. Rxd5 Rdxd5 26. Rxd5 Rxd5 27. Qxd5+ Kf8 28. Qa8+ Kf7 29. Qxa7+ Kg6 30. Qa4 Qxb2 31. Qxe4+ Kh6 32. g4 Qc1+ 33. Kg2 Qd2+ 34. Kh3 g6 35. g5+ Kg7 36. Qd4+ 1-0